Amigos, disfraces y comunas : (Record no. 137032)

MARC details
000 -CABECERA
campo de control de longitud fija 03230cam a2200445 i 4500
001 - NÚMERO DE CONTROL
campo de control 991060786665806706
003 - IDENTIFICADOR DEL NÚMERO DE CONTROL
campo de control ES-BaIT
005 - FECHA Y HORA DE LA ÚLTIMA TRANSACCIÓN
campo de control 20260209100613.0
008 - DATOS DE LONGITUD FIJA--INFORMACIÓN GENERAL
campo de control de longitud fija 221017s2022 sp a 000 0dspa d
017 ## - NÚMERO DE COPYRIGHT O DE DEPÓSITO LEGAL
Número de copyright o de depósito legal DL M 15934-2022
Agencia que asigna Oficina DL Madrid
020 ## - NÚMERO INTERNACIONAL ESTÁNDAR DEL LIBRO
Número Internacional Estándar del Libro 9788437644752
020 ## - NÚMERO INTERNACIONAL ESTÁNDAR DEL LIBRO
Número Internacional Estándar del Libro 8437644755
035 ## - NÚMERO DE CONTROL DEL SISTEMA
Número de control de sistema (OCoLC)1346428697
035 ## - NÚMERO DE CONTROL DEL SISTEMA
Número de control de sistema (OCoLC)on1346428697
035 ## - NÚMERO DE CONTROL DEL SISTEMA
Número de control de sistema (OCoLC)1351175083
040 ## - FUENTE DE LA CATALOGACIÓN
Centro catalogador/agencia de origen ES-BaUAB
Lengua de catalogación cat
Normas de descripción rda
Centro/agencia transcriptor ES-BaUAB
Centro/agencia modificador ES-BaBC
043 ## - CÓDIGO DE ÁREA GEOGRÁFICA
Código de área geográfica e------
080 ## - NÚMERO DE LA CLASIFICACIÓN DECIMAL UNIVERSAL
Número de la Clasificación Decimal Universal 316.74:7
Subdivisión auxiliar común (4)
-- "18"
Identificador de la edición 2004
080 ## - NÚMERO DE LA CLASIFICACIÓN DECIMAL UNIVERSAL
Número de la Clasificación Decimal Universal 061.237:7.071
Subdivisión auxiliar común (4)
-- "18"
Identificador de la edición 2004
080 ## - NÚMERO DE LA CLASIFICACIÓN DECIMAL UNIVERSAL
Número de la Clasificación Decimal Universal 7.071
Subdivisión auxiliar común (4)
-- "18"
Identificador de la edición 2004
100 1# - ENTRADA PRINCIPAL--NOMBRE DE PERSONA
Nombre de persona Ramírez-Blanco, Julia
Término indicativo de función/relación autor
9 (RLIN) 168376
245 10 - MENCIÓN DE TÍTULO
Título Amigos, disfraces y comunas :
Resto del título las hermandades de artistas del siglo XIX /
Mención de responsabilidad, etc. Julia Ramírez-Blanco
246 30 - FORMA VARIANTE DE TÍTULO
Título propio/Titulo breve Hermandades de artistas del siglo XIX
250 ## - MENCIÓN DE EDICIÓN
Mención de edición 1a edición
264 #1 - PRODUCCIÓN, PUBLICACIÓN, DISTRIBUCIÓN, FABRICACIÓN Y COPYRIGHT
Producción, publicación, distribución, fabricación y copyright Madrid :
Nombre del de productor, editor, distribuidor, fabricante Cátedra,
Fecha de producción, publicación, distribución, fabricación o copyright 2022
300 ## - DESCRIPCIÓN FÍSICA
Extensión 215 pàgines :
Otras características físicas il·lustracions (algunes en color) ;
Dimensiones 24 cm
336 ## - TIPO DE CONTENIDO
Término de tipo de contenido text
Código de tipo de contenido txt
Fuente rdacontent
337 ## - TIPO DE MEDIO
Nombre/término del tipo de medio sense mediació
Código del tipo de medio n
Fuente rdamedia
338 ## - TIPO DE SOPORTE
Nombre/término del tipo de soporte volum
Código del tipo de soporte nc
Fuente rdacarrier
490 1# - MENCIÓN DE SERIE
Mención de serie Grandes temas
504 ## - NOTA DE BIBLIOGRAFÍA, ETC.
Nota de bibliografía, etc. Bibliografia pàgines 203-211
520 ## - SUMARIO, ETC.
Sumario, etc. "¿Por qué, poco después de la Revolución Francesa, unos jóvenes pintores deciden usar togas griegas y más tarde se retiran a un monasterio ruinoso? ¿Qué hace que unos artistas prusianos casi adolescentes se dejen crecer el cabello, lleven largas túnicas e intenten vivir como monjes medievales? ¿O que otros jóvenes creadores en Inglaterra funden una llamada "Hermandad Prerrafaelita"? ¿Y que un grupo de amigas se unan como Hermanas en el Arte o "Sisters in Art"? ¿Por qué William Morris quiere convertirse en una suerte de artesano y termina siendo un pionero del socialismo? ¿Cómo se unen en un proyecto artístico colectivo la espiritualidad, la amistad, el género, el deseo sexual y las ideas políticas? ¿De qué modos puede el arte cambiar la vida de los que lo practican, más allá de constituir una ocupación? ¿Es ese el sentido de los colectivos de creadores? "Amigos, disfraces y comunas" quiere responder estas preguntas, mediante el estudio del primer tipo de colectivismo artístico moderno, que sienta las bases para los colectivos artísticos de los siglos XX y XXI: son las llamadas hermandades de artistas, grupos cuya práctica ambiciona unir el proyecto vital y el creativo, ensayando otras formas de entender los afectos y la identidad como algo compartido. Trazando la historia de "Méditateurs", Nazarenos, Prerrafaelitas y miembros del movimiento "Arts and Crafts", este libro estudia las prácticas colectivistas de dichos grupos entendiéndolas como una forma de autoescenificación que da vida a visiones estéticas y sociales. De este modo, contribuye a una genealogía anterior a los siglos XX y XXI de la "performance"." -- Contracoberta
650 #0 - PUNTO DE ACCESO ADICIONAL DE MATERIA--TÉRMINO DE MATERIA
Término de materia o nombre geográfico como elemento de entrada Art i societat
Subdivisión geográfica Europa
Subdivisión general Història
Subdivisión cronológica S. XIX
Fuente del encabezamiento o término lemac
9 (RLIN) 168377
650 #0 - PUNTO DE ACCESO ADICIONAL DE MATERIA--TÉRMINO DE MATERIA
Término de materia o nombre geográfico como elemento de entrada Artistes
Subdivisión general Societats, etc.
-- Història
Subdivisión cronológica S. XIX
Fuente del encabezamiento o término lemac
9 (RLIN) 168378
650 #0 - PUNTO DE ACCESO ADICIONAL DE MATERIA--TÉRMINO DE MATERIA
Término de materia o nombre geográfico como elemento de entrada Artistes
Subdivisión geográfica Europa
Subdivisión general Història
Subdivisión cronológica S. XIX.
Fuente del encabezamiento o término lemac
9 (RLIN) 168379
830 ## - PUNTO DE ACCESO ADICIONAL DE SERIE-TÍTULO UNIFORME
Título uniforme Grandes temas (Cátedra)
9 (RLIN) 95972
908 ## - COLOCAR PARÁMETRO DE COMANDO (RLIN)
Colocar parámetro de comando UAB
-- BC
-- MNAC
-- CDMAE
940 ## - EQUIVALENCIA O REFERENCIA-CRUZADA--TÍTULO UNIFORME [OBSOLETO] [solamente CAN/MARC]
Título uniforme <a href="OCLC">OCLC</a>
942 ## - ELEMENTOS DE ENTRADA AGREGADA (KOHA)
Fuente del sistema de clasificación o colocación Clasificación decimal universal
Tipo de ítem Koha Llibre
Holdings
Estado de retiro Estado de pérdida Fuente del sistema de clasificación o colocación Estado dañado No para préstamo Localización permanente Ubicación/localización actual Ubicación en estantería Fecha de adquisición Fuente de adquisición Total de préstamos Signatura topográfica completa Código de barras Fecha visto por última vez Precio válido a partir de Tipo de ítem Koha
    Clasificación decimal universal     Biblioteca Barcelona Biblioteca Barcelona BCN Lliure Accés 09/02/2026 Compra   7.07 RAM 1900089722 09/02/2026 09/02/2026 Llibre

Powered by Koha